| 000 | 00710nam a2200181 a 4500 | ||
|---|---|---|---|
| 001 | 000245241 | ||
| 003 | AM-YeHGA | ||
| 005 | 20250618071636.0 | ||
| 008 | 030710s1985 ai 000 | arm d | ||
| 040 | _aAM-YeHGA | ||
| 100 | 1 |
_aԱնդրեև, Լեոնիդ Նիկոլաևիչ _96736 |
|
| 245 | 1 | 0 |
_aԵրկեր : _bՎիպակներ և պատմվածքներ / _cԼ. Անդրեև; Թարգմ.՝ Ա. Տեր-Գրիգորյան; Խմբ.՝ Է.Ռ. Մասումյան. |
| 260 |
_aԵրևան : _bՍովետական գրող, _c1985. |
||
| 300 |
_a358 էջ ; _c20 սմ. |
||
| 650 | 1 | 4 |
_aՌուս գրականություն _xԵրկեր |
| 700 | 1 |
_aՏեր-Գրիգորյան, Արմեն _eթարգմ. _4trl |
|
| 090 | _c88675 | ||
| 999 |
_c87390 _d87390 |
||